000 00359 a2200109 4500
001 ART_41661
005 20260410161755.0
008 260409a
245 1 0 _aRégimen cambiario del egreso de divisas por importaciones de bienes y servicios
100 1 _aBibiloni, Mario J.
773 0 _tDoctrina tributaria
_g- Nº 372 (mar. 2011)
_wREV4296
999 _c20014
_d20014